000 00590nam a2200193 a 4500
003 BD-DhJNU
005 20250813064043.0
008 250501s1969 ii a b 001 0 eng
040 _aBD-DhJNU
_bENG
_cBD-DhJNU
_dBD-DhJNU
082 0 0 _a954.023 PRS
_223
100 1 _aPrasad, Ishwari
245 1 0 _aA short history of muslim rule in India /
_cIshwari Prasad
250 _a4th ed.
260 _aAllahabad, India :
_bThe Indain Press,
_c2003.
300 _axvi, 520 p. :
_bill. ;
_c22 cm.
504 _aIncludes bibliographical references and index.
650 0 _aMuslim rule
942 _cBK
_2ddc
999 _c1997
_d1997